00826nam a2200205 a 450000100100000000500170001000800410002704000250006804100390009308200150013224000480014724501000019526000370029530000210033250400740035353400980042765000450052570000210057070000290059100002437520200930022946.0110126s1971 mx r 000 e spa d aDO-SdBNPbspacBNPHU17aspaheng2Código de idiomas MARC a370bL795m14aThe knowledge most worth having.lEspañol03aLo más valioso del saber /cCompilado por Wayne C. Booth ; traducción de Agustín Barcena. aMéxico :bLimusa-Wiley,c1971. a190 p. ;c22 cm. aIncluye referencias bibliográficas y notas al pie de las páginas. pTítulo original en inglés:tThe knowledge most worth having.cUniversity of Chicago, 1967 4aEducaciónxEnsayos, conferencias, etc.1 aBooth, Wayne C.,1 aBarcena, Agustín,etr.